Or Noir - Kaaris - Statistiques

Statistiques générales
  • Ce quiz a été pris 583 fois
  • Le résultat moyen est 9 sur 17
Statistiques - réponses
N° track Titre % Correct
2 Zoo
91%
15 Or Noir
86%
1 Bizon
85%
7 Bouchon De Liège
67%
9 (ft. Booba) L.E.F
67%
8 Paradis Ou Enfer
61%
3 Ciroc
59%
6 Je Bibi
51%
12 63
50%
4 MBM
47%
10 Dès le Départ
45%
5 Binks
44%
13 Bébé
39%
17 2 Et Demi
36%
11 Pas De Remède
34%
16 Tu Me Connais
26%
14 Plus Rien
24%
Aucun quiz correspondant
Distribution des résultats
% des personnes avec chaque résultat
Percentile par nombre de réponses
Votre historique - résultats
Vous n’avez pas pris ce quiz